00357nam a2200133Ia 4500008004100000041000800041082001600049100001700065245004500082260005000127300002900177365001100206440000600217240624s9999 xx 000 0 und d aeng a338.791 SIN aSINGH VIKRAM aENCYCLOPAEDIA OF TRAVEL LEISURE AND TOUR c2014aNew DelhibAnmol Publications Pvt. Ltd. ax, : 302 : p. : cm. ; 23 cRSb25 v2